Exercitia spiritualia : textuum antiquissimorum nova editio, Lexicon textus hispani /

Monumenta Historica Societatis Iesu es un proyecto editorial de la Compañía de Jesús que está orientado a la recuperación sistemática de las fuentes documentales primarias para el estudio del desarrollo histórico de la orden. El proyecto fue impulsado en la Congregación General XXIV (1892) de la Com...

Cijeli opis

Spremljeno u:
Bibliografski detalji
Autor kompanije: Compañía de Jesús
Daljnji autori: Ignacio de Loyola, Santo (autor) (autor), Calveras, José (edición) (edición), Dalmases, Cándido de (edición) (edición)
Format: Knjiga
Jezik:latinski
Izdano: Roma, Italia : Compañía de Jesús, 1969, c1969
Serija:(Monumenta Historica Societatis Iesu ; 100)
(Monumenta Ignatiana. Series Secunda, Exercitia Spiritualia, S. Ignatii de Loyola et Eorum Directoria ; 1)
Teme:
Oznake: Dodaj oznaku
Bez oznaka, Budi prvi tko označuje ovaj zapis!

MARC

LEADER 00000nam^a2200000^a^4500
001 000316001
005 20250526000000.0
009 20260310113300.469
037 |a Acervo ITESO - Biblioteca 
041 |a LAT 
082 |a 255. 53  |b MON S. 1 V. 100 
110 |a Compañía de Jesús 
240 1 1 |a [Monumenta Historica Societatis Iesu] 
240 1 1 |a [Monumenta ignatiana] 
240 1 1 |a [Ejercicios espirituales de San Ignacio de Loyola] 
245 1 0 |a Exercitia spiritualia :  |b textuum antiquissimorum nova editio, Lexicon textus hispani /  |c Compañía de Jesús ; I. de Loyola ; ed. de J. Calveras, C. de Dalmases. 
264 4 |a Roma, Italia :  |b Compañía de Jesús,  |c 1969, c1969 
300 |a XLVII, 801 p. ;  |c 24.5 cm. 
336 |a texto  |b txt  |2 rdacontenido 
337 |a sin mediación  |b n  |2 rdamedio 
338 |a volumen  |b nc  |2 rdasoporte 
440 1 |a (Monumenta Historica Societatis Iesu ;  |v 100) 
440 1 |a (Monumenta Ignatiana.  |p Series Secunda, Exercitia Spiritualia, S. Ignatii de Loyola et Eorum Directoria ;  |v 1) 
520 |a Monumenta Historica Societatis Iesu es un proyecto editorial de la Compañía de Jesús que está orientado a la recuperación sistemática de las fuentes documentales primarias para el estudio del desarrollo histórico de la orden. El proyecto fue impulsado en la Congregación General XXIV (1892) de la Compañía, cuando el padre Luis Martín García S.J. (1846-1906) fuera electo superior de la orden, y su publicación inició dos años después en Madrid, España. La Monumenta está dividida básicamente en cuatro tipos de volúmenes: 1) Los escritos de San Ignacio de Loyola, fundador de la Compañía de Jesús; 2) Fuentes primarias de los contemporáneos de San Ignacio; 3) La Monumenta paedagogica y 4) Las Monumenta sobre varias de las provincias en que está organizada la orden. 
520 |a San Ignacio de Loyola expresa en los Ejercicios Espirituales (publicados por vez primera en Roma en 1548) una suma de meditaciones y oraciones para buscar y encontrar la voluntad divina, a través del discernimiento, el autodominio de las pasiones desordenadas y el manejo de las emociones a favor de la búsqueda de trascendencia y la pertinente toma de decisiones. Pensados para vivirse a lo largo de cuatro semanas, San Ignacio recupera en ellos sus propias vivencias como eremita en Manresa. Texto fundador de la espiritualidad jesuita, los Ejercicios espirituales son, obviamente, centrales en la formación de los miembros de la orden, pero se ofrecen también para toda persona interesada en buscar sentido y trascendencia para su vida. 
546 |a Edición multilingüe 
649 |a XX 
650 |a Jesuitas -  |x Tema Principal 
650 |a Monasticismo y Ordenes Religiosas 
650 |a Iglesia Católica 
650 |a Ejercicios Ignacianos -  |x Tema Principal 
650 |a Ejercicios Espirituales 
650 |a Vida Espiritual 
650 |a Catolicismo 
650 |a Cristianismo 
650 |a Religión 
650 |a Literatura Española -  |y Siglo XVI 
650 |a Literatura Religiosa -  |z España 
650 |a Literatura Autobiográfica -  |z España 
600 |a Ignacio de Loyola,  |c Santo 
700 |a Ignacio de Loyola,  |c Santo  |e (autor) 
700 |a Calveras, José  |e (edición) 
700 |a Dalmases, Cándido de  |e (edición) 
910 |a Fondo General 
920 |a Impresos - Libros 
930 |a Libros Antiguos y Raros 
940 |a Jesuitas 
905 |a 108 
901 |a 0500202930  |b IT2  |c LRA  |i C129732  |u 20250526 
902 |a https://opac.biblio.iteso.mx/vufind/Record/000316001